[Event "Western States op"]
[Site "Reno"]
[Date "2006.10.07"]
[Round "4"]
[White "Bradford, Joseph M"]
[Black "Poehlmann, Roger"]
[Result "1-0"]
[WhiteElo "2517"]
[BlackElo "2259"]
[PlyCount "65"]
[EventDate "2006.10.07"]
[EventType "swiss"]
[EventRounds "6"]
[EventCountry "USA"]
[SourceTitle "EXT 2009"]
[Source "ChessBase"]
[SourceDate "2008.11.26"]
[SourceVersion "1"]
[SourceVersionDate "2008.11.26"]
[SourceQuality "1"]

1. Nf3 d5 2. c4 e6 3. g3 dxc4 4. Qa4+ Nd7 5. Bg2 Ngf6 6. 0-0 c5 7. Qxc4 b6 8. Nc3 Bb7 9. d4 Rc8 10. Rd1 Be7 11. Bg5 0-0 12. Qa4 Bc6 13. Qa6 Ra8 14. Rac1 Qc8 15. Qxc8 Raxc8 16. dxc5 Nxc5 17. Ne5 Bxg2 18. Kxg2 a5 19. Nc4 Rc6 20. Be3 Ng4 21. Bd4 f6 22. f3 Nh6 23. Nb5 Rb8 24. b3 Rb7 25. Bf2 Nf7 26. Rd2 Kf8 27. Rdc2 Ke8 28. Nb2 Nd8 29. a3 Kd7 30. b4 axb4 31. axb4 Na4 32. Rd1+ Bd6 33. Rxc6 1-0

[Event "Western States op"]
[Site "Reno"]
[Date "2006.10.06"]
[Round "1"]
[White "Ehlvest, Jaan"]
[Black "Poehlmann, Roger"]
[Result "1-0"]
[WhiteElo "2666"]
[BlackElo "2259"]
[PlyCount "63"]
[EventDate "2006.10.07"]
[EventType "swiss"]
[EventRounds "6"]
[EventCountry "USA"]
[SourceTitle "EXT 2009"]
[Source "ChessBase"]
[SourceDate "2008.11.26"]
[SourceVersion "1"]
[SourceVersionDate "2008.11.26"]
[SourceQuality "1"]

1. d4 e6 2. Nf3 f5 3. g3 Nf6 4. Bg2 d5 5. c4 c6 6. 0-0 Bd6 7. Nc3 0-0 8. Qc2 Bd7 9. Bf4 Bxf4 10. gxf4 Ne4 11. e3 Be8 12. Nxe4 fxe4 13. Ng5 Qe7 14. f3 h6 15. Nh3 exf3 16. Rxf3 Nd7 17. Nf2 Nf6 18. c5 Kh8 19. Rh3 Bf7 20. Bf1 Rfc8 21. Rc1 b5 22. Kh1 Bg8 23. Bd3 Rc7 24. Rg1 a5 25. Bg6 Rf8 26. Nd3 Nd7 27. Ne1 Rf6 28. Nf3 Ra7 29. Bd3 Qe8 30. Qg2 Nf8 31. Rg3 Qe7 32. Ne5 1-0

[Event "Berkeley Masters op"]
[Site "Berkeley"]
[Date "2005.12.21"]
[Round "7"]
[White "Poehlmann, Roger"]
[Black "Sarkar, Justin"]
[Result "0-1"]
[WhiteElo "2230"]
[BlackElo "2315"]
[PlyCount "44"]
[EventDate "2005.12.17"]
[EventType "swiss"]
[EventRounds "9"]
[EventCountry "USA"]
[SourceTitle "CBM 109 Extra"]
[Source "ChessBase"]
[SourceDate "2006.01.03"]
[SourceVersion "2"]
[SourceVersionDate "2006.01.03"]
[SourceQuality "1"]

1. c4 c5 2. g3 Nf6 3. Bg2 d5 4. cxd5 Nxd5 5. Nc3 Nc7 6. d3 e5 7. Nh3 Be7 8. f4 Nc6 9. 0-0 h5 10. f5 Qd4+ 11. Kh1 Qg4 12. Ng1 h4 13. h3 hxg3 14. Bxc6+ bxc6 15. Kg2 Qh5 16. e4 Qxd1 17. Rxd1 Nb5 18. Na4 Nd4 19. Bd2 Ba6 20. Rac1 Bxd3 21. Nxc5 Bc2 22. Rxc2 Nxc2 0-1

[Event "Berkeley Masters op"]
[Site "Berkeley"]
[Date "2005.12.20"]
[Round "6"]
[White "Kustar, Sandor"]
[Black "Poehlmann, Roger"]
[Result "1/2-1/2"]
[WhiteElo "2375"]
[BlackElo "2230"]
[PlyCount "32"]
[EventDate "2005.12.17"]
[EventType "swiss"]
[EventRounds "9"]
[EventCountry "USA"]
[SourceTitle "CBM 109 Extra"]
[Source "ChessBase"]
[SourceDate "2006.01.03"]
[SourceVersion "2"]
[SourceVersionDate "2006.01.03"]
[SourceQuality "1"]

1. Nf3 e6 2. d4 f5 3. c4 Nf6 4. Nc3 Bb4 5. g3 Bxc3+ 6. bxc3 Qe7 7. Bg2 d6 8. Ba3 0-0 9. c5 d5 10. c4 Nc6 11. Rb1 Rd8 12. 0-0 Ne4 13. Qd3 Qf6 14. e3 b6 15. Rfc1 Ba6 16. Bf1 Bxc4 1/2-1/2

[Event "Western States op"]
[Site "Reno"]
[Date "2005.10.14"]
[Round "2"]
[White "Gishi, Takeshi"]
[Black "Poehlmann, Roger"]
[Result "0-1"]
[WhiteElo "2053"]
[BlackElo "2273"]
[PlyCount "82"]
[EventDate "2005.10.14"]
[EventType "swiss"]
[EventRounds "6"]
[EventCountry "USA"]
[SourceTitle "EXT 2009"]
[Source "ChessBase"]
[SourceDate "2008.11.26"]
[SourceVersion "1"]
[SourceVersionDate "2008.11.26"]
[SourceQuality "1"]

1. c4 e6 2. Nf3 d5 3. e3 c5 4. d4 Nf6 5. Nc3 Nc6 6. a3 cxd4 7. exd4 Be7 8. c5 Ne4 9. Bb5 Nxc3 10. bxc3 0-0 11. 0-0 Bd7 12. Re1 b6 13. cxb6 axb6 14. Bd3 Ra7 15. Ne5 Nxe5 16. Rxe5 g6 17. g4 Bd6 18. Bh6 Bxe5 19. dxe5 Qh4 20. Bxf8 Kxf8 21. Kg2 Bc6 22. f3 Qg5 23. Qe2 Qf4 24. h3 Ra5 25. Rb1 Rxa3 26. Rxb6 Rxc3 27. Bb5 Bxb5 28. Rxb5 Re3 29. Qf2 Qxe5 30. Rb2 g5 31. Ra2 d4 32. h4 gxh4 33. Qxh4 Re2+ 34. Rxe2 Qxe2+ 35. Kg1 Qe3+ 36. Kg2 h6 37. Qd8+ Kg7 38. Qb6 Qe2+ 39. Kg3 d3 40. Qd4+ e5 41. Qf2 Qxf2+ 0-1

[Event "San Francisco Ralston"]
[Site "San Francisco"]
[Date "2003.11.08"]
[Round "9"]
[White "Poehlmann, Roger"]
[Black "Ho, Matthew"]
[Result "0-1"]
[WhiteElo "2192"]
[BlackElo "2176"]
[PlyCount "88"]
[EventDate "2003.10.25"]
[EventType "tourn"]
[EventRounds "11"]
[EventCountry "USA"]
[EventCategory "3"]
[SourceTitle "EXT 2004"]
[Source "ChessBase"]
[SourceDate "2003.11.25"]
[SourceVersion "1"]
[SourceVersionDate "2003.11.25"]
[SourceQuality "1"]

1. d4 d5 2. c4 c6 3. Nf3 Nf6 4. cxd5 cxd5 5. Nc3 Nc6 6. Bf4 a6 7. Rc1 Bf5 8. e3 e6 9. Ne5 Nd7 10. Nxd7 Qxd7 11. Be2 Bd6 12. Bxd6 Qxd6 13. 0-0 0-0 14. Na4 Rab8 15. Nc5 Rfd8 16. Qa4 Na7 17. Rc3 Nc8 18. Rfc1 Nb6 19. Qa5 Nc4 20. Bxc4 dxc4 21. Qb4 b5 22. Ra3 Rb6 23. b3 cxb3 24. axb3 h6 25. h3 Rc8 26. Rca1 e5 27. Rxa6 exd4 28. Rxb6 Qxb6 29. exd4 Qd6 30. Rd1 Rb8 31. Qe1 b4 32. Qe3 Rc8 33. Re1 Bg6 34. Rc1 Ra8 35. Re1 Qd5 36. Qd2 Rb8 37. g3 Ra8 38. Qf4 Rc8 39. Rd1 Bc2 40. Rd2 Bxb3 41. Rb2 Bc4 42. Rxb4 Re8 43. Qd2 Re2 44. Qd1 Qf3 0-1

[Event "San Francisco Ralston"]
[Site "San Francisco"]
[Date "2003.11.01"]
[Round "5"]
[White "Poehlmann, Roger"]
[Black "Evans, Bela"]
[Result "1/2-1/2"]
[WhiteElo "2192"]
[BlackElo "2262"]
[PlyCount "122"]
[EventDate "2003.10.25"]
[EventType "tourn"]
[EventRounds "11"]
[EventCountry "USA"]
[EventCategory "3"]
[SourceTitle "EXT 2004"]
[Source "ChessBase"]
[SourceDate "2003.11.25"]
[SourceVersion "1"]
[SourceVersionDate "2003.11.25"]
[SourceQuality "1"]

1. d4 Nf6 2. Bg5 e6 3. e4 h6 4. Bxf6 Qxf6 5. Qd2 d5 6. e5 Qd8 7. f4 c5 8. c3 Nc6 9. Nf3 Qb6 10. Be2 Bd7 11. 0-0 Rc8 12. Kh1 Be7 13. Na3 cxd4 14. cxd4 Bxa3 15. bxa3 Na5 16. Rab1 Qd8 17. Bd3 0-0 18. f5 exf5 19. Qf4 Rc3 20. Bxf5 Nc4 21. Bxd7 Qxd7 22. Rb3 Rc2 23. e6 Qxe6 24. Rxb7 Rxa2 25. Rxa7 Rxa3 26. Rxa3 Nxa3 27. Re1 Qd7 28. Ne5 Qc7 29. Qf3 Qd6 30. Rc1 Nb5 31. Rc5 Nxd4 32. Qxd5 Qxd5 33. Rxd5 Ne6 34. h3 f6 35. Ng6 Rd8 36. Rxd8+ Nxd8 37. Nf4 Kf7 38. h4 Ne6 39. Nd3 Kg6 40. g3 Kf5 41. Nf2 Nc5 42. Kg2 Ne4 43. Nd1 Nd2 44. Nf2 Ke5 45. Nd3+ Ke4 46. Nf4 Kf5 47. Nd3 Ke4 48. Nf4 g5 49. hxg5 fxg5 50. Nh3 Ke3 51. Nf2 h5 52. Nd1+ Ke2 53. Nc3+ Ke1 54. Nd5 Ne4 55. Kf3 Nd2+ 56. Kg2 Ke2 57. Nf6 Nf1 58. Nxh5 Ne3+ 59. Kh3 Kf3 60. Nf6 Nf1 61. g4 Ne3 1/2-1/2

[Event "San Francisco schev"]
[Site "San Francisco"]
[Date "2002.??.??"]
[Round "?"]
[White "Poehlmann, Roger"]
[Black "Chan, R."]
[Result "1-0"]
[WhiteElo "2163"]
[BlackElo "2000"]
[PlyCount "37"]
[EventDate "2002.06.23"]
[EventType "schev"]
[EventRounds "10"]
[EventCountry "USA"]
[SourceTitle "EXT 2007"]
[Source "ChessBase"]
[SourceDate "2006.11.23"]
[SourceVersion "1"]
[SourceVersionDate "2006.11.23"]
[SourceQuality "1"]

1. d4 Nf6 2. Bg5 Ne4 3. Bf4 g6 4. f3 Nf6 5. e4 Bg7 6. Nc3 c5 7. d5 d6 8. Qd2 a6 9. a4 Nfd7 10. Bh6 Bf6 11. Nh3 Qb6 12. Ra2 Ne5 13. Nf2 Qb4 14. Be2 Nbd7 15. a5 b6 16. Ra4 Nxf3+ 17. gxf3 Bxc3 18. Qxc3 Qxc3+ 19. bxc3 1-0

[Event "San Francisco schev"]
[Site "San Francisco"]
[Date "2002.??.??"]
[Round "?"]
[White "Poehlmann, Roger"]
[Black "Wong, Russell"]
[Result "0-1"]
[WhiteElo "2163"]
[BlackElo "2120"]
[PlyCount "70"]
[EventDate "2002.06.23"]
[EventType "schev"]
[EventRounds "10"]
[EventCountry "USA"]
[SourceTitle "EXT 2007"]
[Source "ChessBase"]
[SourceDate "2006.11.23"]
[SourceVersion "1"]
[SourceVersionDate "2006.11.23"]
[SourceQuality "1"]

1. d4 Nf6 2. Bg5 Ne4 3. Bf4 d5 4. f3 Nf6 5. e4 dxe4 6. Nc3 exf3 7. Nxf3 Bg4 8. h3 Bxf3 9. Qxf3 c6 10. 0-0-0 e6 11. g4 Nbd7 12. g5 Nd5 13. Nxd5 cxd5 14. h4 Be7 15. Kb1 a6 16. Bh3 0-0 17. Qg3 Re8 18. Bc7 Qc8 19. Rde1 Nf8 20. h5 Bxg5 21. Qxg5 Qxc7 22. Rhg1 f5 23. Re3 Rac8 24. Rc3 Qf7 25. Re3 Kh8 26. Rge1 h6 27. Qh4 Nh7 28. Bf1 Ng5 29. Bd3 Qf6 30. c3 Ne4 31. Qh2 b5 32. a3 Rb8 33. Rg1 Ng5 34. Qc7 Rec8 35. Qd6 a5 0-1

[Event "Koltanowski Memorial op"]
[Site "San Francisco"]
[Date "2000.12.20"]
[Round "7"]
[White "Cusi, Ronald"]
[Black "Poehlmann, Roger"]
[Result "1/2-1/2"]
[WhiteElo "2364"]
[BlackElo "2190"]
[PlyCount "28"]
[EventDate "2000.12.14"]
[EventType "swiss"]
[EventRounds "9"]
[EventCountry "USA"]
[SourceTitle "CBM 079 Extra"]
[Source "ChessBase"]
[SourceDate "2001.01.11"]
[SourceVersion "2"]
[SourceVersionDate "2001.01.25"]
[SourceQuality "1"]

1. c4 f5 2. d4 Nf6 3. Nc3 g6 4. g3 Bg7 5. Bg2 0-0 6. Nf3 d6 7. 0-0 c6 8. d5 Bd7 9. Nd4 Qb6 10. Nc2 Na6 11. Rb1 Ng4 12. Na4 Qc7 13. Nd4 Rab8 14. Nc3 Qb6 1/2-1/2

[Event "San Francisco Masters op"]
[Site "San Francisco"]
[Date "2000.04.03"]
[Round "7"]
[White "Lazetich, Zoran"]
[Black "Poehlmann, Roger"]
[Result "1/2-1/2"]
[WhiteElo "2217"]
[BlackElo "2175"]
[PlyCount "43"]
[EventDate "2000.03.31"]
[EventType "swiss"]
[EventRounds "7"]
[EventCountry "USA"]
[SourceTitle "EXT 2001"]
[Source "ChessBase"]
[SourceDate "2000.11.22"]
[SourceVersion "1"]
[SourceVersionDate "2000.11.22"]
[SourceQuality "1"]

1. e4 e6 2. d4 d5 3. Nc3 Nf6 4. Bg5 Bb4 5. exd5 Qxd5 6. Bxf6 Bxc3+ 7. bxc3 gxf6 8. Nf3 b6 9. Qd2 Bb7 10. Bd3 Nd7 11. c4 Qh5 12. Be2 Qg6 13. Rg1 0-0-0 14. 0-0-0 Rhg8 15. Qe3 Qe4 16. Qxe4 Bxe4 17. g3 Bb7 18. Nh4 Nb8 19. f4 Nc6 20. c3 Na5 21. Ng2 Ba6 22. Ne3 1/2-1/2

[Event "San Francisco Masters op"]
[Site "San Francisco"]
[Date "2000.04.03"]
[Round "6"]
[White "Poehlmann, Roger"]
[Black "Wong, Russell"]
[Result "0-1"]
[WhiteElo "2175"]
[BlackElo "2061"]
[PlyCount "70"]
[EventDate "2000.03.31"]
[EventType "swiss"]
[EventRounds "7"]
[EventCountry "USA"]
[SourceTitle "EXT 2001"]
[Source "ChessBase"]
[SourceDate "2000.11.22"]
[SourceVersion "1"]
[SourceVersionDate "2000.11.22"]
[SourceQuality "1"]

1. d4 Nf6 2. g3 d5 3. c4 c6 4. Nf3 e6 5. Bg2 Be7 6. 0-0 0-0 7. Qc2 b6 8. Ne5 Nfd7 9. Nd3 Nf6 10. cxd5 cxd5 11. Bf4 Bb7 12. Nd2 Nc6 13. Nf3 Ne4 14. Rfc1 f6 15. Qa4 Rc8 16. Rc2 g5 17. Be3 a6 18. b4 a5 19. bxa5 Nxa5 20. Rxc8 Bxc8 21. Rc1 Bd7 22. Qc2 Nc4 23. Nd2 Nxe3 24. fxe3 Nxd2 25. Qxd2 Qa8 26. g4 Bd6 27. Rc2 Rc8 28. Qc1 Rxc2 29. Qxc2 Bb5 30. Qb3 Qc6 31. e4 Bxd3 32. Qxd3 Qc1+ 33. Kf2 Bxh2 34. exd5 Bg1+ 35. Kg3 Qf4+ 0-1

[Event "San Francisco Masters op"]
[Site "San Francisco"]
[Date "2000.03.06"]
[Round "1"]
[White "Poehlmann, Roger"]
[Black "Ziatdinov, Raset"]
[Result "0-1"]
[WhiteElo "2175"]
[BlackElo "2473"]
[PlyCount "56"]
[EventDate "2000.03.31"]
[EventType "swiss"]
[EventRounds "7"]
[EventCountry "USA"]
[SourceTitle "EXT 2001"]
[Source "ChessBase"]
[SourceDate "2000.11.22"]
[SourceVersion "1"]
[SourceVersionDate "2000.11.22"]
[SourceQuality "1"]

1. Nf3 d5 2. d4 Nf6 3. c4 e6 4. g3 Be7 5. Bg2 0-0 6. 0-0 c6 7. Qc2 b6 8. b3 a5 9. Nbd2 a4 10. Rb1 axb3 11. axb3 Na6 12. Ne5 Nb4 13. Qc3 Bb7 14. Bb2 c5 15. e3 Qc7 16. Ra1 dxc4 17. Bxb7 Qxb7 18. dxc5 bxc5 19. bxc4 Rad8 20. Ra5 Bd6 21. Rb5 Qe7 22. Ng4 Ne8 23. Ne4 f5 24. Nxd6 Nxd6 25. Rxc5 Ne4 26. Rc7 Qxc7 27. Nh6+ Kh8 28. Qxb4 Nf6 0-1

[Event "Falconer Rating"]
[Site "San Francisco"]
[Date "1999.10.03"]
[Round "2"]
[White "Orton, William R"]
[Black "Poehlmann, Roger"]
[Result "1/2-1/2"]
[WhiteElo "2224"]
[BlackElo "2151"]
[PlyCount "39"]
[EventDate "1999.04.??"]
[EventType "swiss"]
[EventRounds "9"]
[EventCountry "USA"]
[SourceTitle "EXT 2002"]
[Source "ChessBase"]
[SourceDate "2001.11.25"]
[SourceVersion "1"]
[SourceVersionDate "2001.11.25"]
[SourceQuality "1"]

1. e4 e6 2. d4 d5 3. e5 c5 4. c3 Qb6 5. Nf3 Nc6 6. a3 c4 7. Nbd2 f6 8. Be2 fxe5 9. Nxe5 Nxe5 10. dxe5 Bc5 11. 0-0 Ne7 12. b4 cxb3 13. Nxb3 0-0 14. Nxc5 Qxc5 15. Qd4 Qxd4 16. cxd4 Bd7 17. a4 Rfc8 18. Rd1 Rc2 19. Bd3 Rc7 20. Be3 1/2-1/2